Jazyk volebnej kampane. Prípad volieb do Nemeckého spolkového snemu 2017

Spôsoby vyjadrovania strany "Alternatíva pre Nemecko" (AfD) vo volebnej kampani pred voľbami do Nemeckého Spolkového snemu 2017. „Ľud“ ako ústredná kategória. Dichotómia „my“ a „oni“. Odstup od Európskej únie.

Gespeichert in:
Bibliographische Detailangaben
1. Verfasser: Štefančík, Radoslav, 1976-
Format: Buchkapitel
Sprache:Slowakisch
Schlagworte:
Tags: Tag hinzufügen
Keine Tags, Fügen Sie das erste Tag hinzu!

MARC

LEADER 00000nla$a2200000$$$4500
001 0243729
005 20240502073940.4
041 0 |a slo 
044 |a SK 
245 1 0 |a Jazyk volebnej kampane. Prípad volieb do Nemeckého spolkového snemu 2017  |c Radoslav Štefančík 
520 |a Spôsoby vyjadrovania strany "Alternatíva pre Nemecko" (AfD) vo volebnej kampani pred voľbami do Nemeckého Spolkového snemu 2017. „Ľud“ ako ústredná kategória. Dichotómia „my“ a „oni“. Odstup od Európskej únie. 
610 2 0 |a jazykoveda 
610 2 0 |a terminológia 
610 2 0 |a komunikácia 
610 2 0 |a jazyky cudzie 
610 2 0 |a nemčina 
610 2 0 |a politika 
610 2 0 |a voľby 
610 2 0 |a kampane volebné 
610 2 0 |a strany politické 
610 2 0 |a Nemecko 
610 2 0 |a Európska únia 
610 2 0 |a populizmus 
100 1 |a Štefančík, Radoslav, 1976-